| 000 | 00720nam a2200241Ia 4500 | ||
|---|---|---|---|
| 003 | OSt | ||
| 005 | 20220925221652.0 | ||
| 006 | a|||||r|||| 00| 0 | ||
| 007 | ta | ||
| 008 | 220923b |||||||| |||| 00| 0 eng d | ||
| 020 | _a0262195259 | ||
| 037 |
_b169, 04/08/2006, SHUBHAM BOOK SUPPLIER _cGeneral Book |
||
| 040 |
_aRTL _cRTL _beng |
||
| 041 |
_2eng _aeng |
||
| 082 | _aX:(Z,3), N7;P5 | ||
| 100 |
_aSalanie Bernard _9278319 |
||
| 245 | 0 |
_aEconomics of contracts _b A primer |
|
| 250 | _a2 | ||
| 260 |
_aLondon _bMIT Press _c2005 |
||
| 300 |
_aviii, 244p _ccm. |
||
| 942 |
_hX:(Z,3), N7;P5 _cGB _2CC |
||
| 999 |
_c575027 _d575027 |
||